000 00811nam a2200265Ia 4500
001 Para_8248
003 CHAP
008 220125s9999 xx 000 0 und d
010 _a207160
040 _cCHAP
082 _aPA-C 595.752 A6
100 _aMoreira, Carlos
_978513
245 _aLes pucerons et leur oeuf D“Hiver /
_c by Carlos Moreira
300 _a2 p.
440 _aAphidae; 7
_9171884
500 _aSobretiro de: Bulletin de la societe entomologique de france: 237-238, 1919. Encuadernado con otros impresos similares
650 _a
_x Afididos
_x Colecciones de escritos
_x Aphis rosae
_9173650
901 _aPA-C 595.752 A6
902 _aA
905 _a000000 0000000000 00
910 _a
942 _cPARA
942 _cPARA
_d1
999 _c207160
_d207160